00462 a2200169 450000100060000002000060000604000370001210000230004924000270007224500220009930000090012136200090013065000240013994200070016395201050017099900170027575799 a  cAnchieta - Colégio São Paulo aMachado, Ana Maria10aCachinhos de Ourolpor10aCachinhos de Ouro a[21]0 a1996 4aLiteratura infantil cBK 00104070a88.1b88.1d2023-11-22l0oLI 028.5 M149cp7673/CSPr2023-11-22 14:33:28w2023-11-22yBK c75799d75799